000 00341cam a2200145ua 4500
041 _aeng
_h
082 _a823.308
_bBUN/PI
100 _aBunyan, John .
245 _aPilgrim progress /
_cBunyan.
_hTextual Documents
260 _a :
_bE J Arnold & Son Ltd ,
_c1962.
300 _a ; .
504 _a
942 _cBK
999 _c11791
_d11791